00337nam a2200121Ia 4500008004100000041000800041082001600049100002100065245004300086260004500129300003000174365001100204240624s9999 xx 000 0 und d aeng a332.041 RAJ aRAJAN RAGHURAM G aSAVING CAPITALISM FROM THE CAPITALISTS c2004aLondonbRandom House Business Div. axi, : 369 : p. : cm. ; 23 cRSb75